| 000 | 00664nam a2200217 a 4500 | ||
|---|---|---|---|
| 005 | 20240419063917.0 | ||
| 008 | 991125m19891998mx 000 0 spa u | ||
| 020 | _a9682922895 | ||
| 035 | _aUPN01000027213 | ||
| 049 | _aI | ||
| 050 | 4 |
_aGV1204.16 _bA6.8 |
|
| 245 | 0 | 1 |
_a¿A qué jugamos? / _bredacción Isabel Galaor ... [et al.] ; il. Rafael Barajas. |
| 260 |
_aMéxico : _bCONAFE, _c1989 (1998 impr.). |
||
| 300 |
_a111 p. : _bil. |
||
| 440 | 0 | _aLiteratura infantil | |
| 500 | _a"Material didáctico para comunidades rurales" | ||
| 650 | 4 |
_aJuegos infantiles _96445 |
|
| 650 | 4 |
_aAdivinanzas _9114 |
|
| 700 | 1 |
_aGalaor, Isabel, _ecoaut. |
|
| 905 | _aInfantil | ||
| 999 |
_c27213 _d27213 |
||